000
00337 a2200121 4500
001
ART_54816
005
20260410162047.0
008
260409a
245
1
0
_a
La ley Boca y la exención del IVA
100
1
_a
Bertazza, Humberto J.
700
1
_a
Serra, Marcelo
773
0
_t
Impuestos
_g
- N°108 (sep. 2021)
_w
REV45175
999
_c
35470
_d
35470